000 00590nam a2200157 a 4500
008 080109s1986 ||||||||||||||||| || u
050 _aQ 181.3 Map
100 _aLaw, John
245 1 0 _aMapping the dynamics of science and technology
_cedited by Michel Callon
246 _asociology of science in the real world
260 _aHampshire
_bMacmillan
_c1986
300 _axvii, 242p : ill
350 _a0.00
700 _aRip, Arie
995 _D0.00
_FCBU-MAIN LIBRARY (Kitwe)
_H1
_I35.00
_M1
_UAVAILABLE
_ZAnnex Low-Usage Collection
999 _c50333
_d50333